00535nam a22001457a 450000500170000000800410001702000330005804100120009108200140010310000420011724501290015926000450028830000300033365000260036320231115124055.0231115b |||||||| |||| 00| 0 eng d a9780409123289 ; 978409123296 aEnglish a344.1 PAT aPatelia, E and Chicktay, MAlEnglish  aAppropriate Dispute Resolution : bA Practical Guide to Negotiation, Mediation and Arbitration / cE Patelia and MA Chicktay aDurban : bLexisNexis (Pty) Ltd, c2015  bix, 131 pages ; c25 cm.  aLegal practice bLaw